| 000 | 00571nam a2200181 a 4500 | ||
|---|---|---|---|
| 005 | 20140412111341.0 | ||
| 008 | 031016s19uu xx 00 eng d | ||
| 020 | _a0-590-49507-0 | ||
| 050 |
_aTR(GS 507.8 _bW431 1994 |
||
| 100 | _aWeiner, Esther | ||
| 245 |
_a25 Science mini-books (Grades Pre-K-3) / _cby Esther Weiner. |
||
| 260 |
_aNew York : _bScholastic Professional Books, _c1994. |
||
| 300 | _a22 p. ; ill. | ||
| 500 | _a(Reproducible--easy-to-make--easy-to-read) | ||
| 650 | _aScience--study and teaching | ||
| 650 | _aScience--Activities | ||
| 999 |
_c105130 _d105130 |
||